00867nam a2200229Ia 4500003000900000008004100009020001800050040001600068080001900084245016200103260003600265300001500301650004100316650003200357650003500389700003800424700003000462700002500492942000700517999001700524952009600541IN-BaIIA211028s9999 xx 000 0 eng d a0-8243-0937-5 cIIA Library a(05)52bANN-37 0aAnnual review of astronomy and astrophysicsbvol. 37cedited by Geoffreyand Burbidge, Allan Sandage and Frank H. Shu  aPalo AltobAnnual Reviewsc1999 avii, 689p. aAstronomy and astrophysics thesaurus aAstronomy-Periodicals94087 aAstrophysics-Periodicals94088 aBurbidge, Geoffreyand, ed.923452 aSandage, Allan, ed.99048 aShu, Frank, H., ed.  cBK c13363d13363 00104070aBANbBANcGENd0000-00-00l0o(05)52/ ANN-37p14282r2021-11-05w0000-00-00yBK